LEADER 01017nam a2200241 i 4500 001 000000038733 003 CaOOAMICUS 005 20230912143514.0 008 121228s1935 it u000 u ita u 013 $a9341 040 $aSeMil$bita 100 1 $aGiussani, Antonio.$0(OLS)http://semarc/name/18651 245 13$aLa riscossa dei valtellinesi contro i grigioni nel 1620 /$cAntonio Giussani. 260 $aComo :$bEmo Cavalleri,$c1935. 300 $a406 p., 12 c. di tav. :$b[1] carta geogr. ;$c23 cm. 650 4$aGrigioni .$0(OLS)http://semarc/subject/3919 650 4$aValtellina - Storia.$0(OLS)http://semarc/subject/10878 850 $aSeMil 852 $aSeMil$W1$xVenegono$y1$m3P V 137$j4888$B4888$CSeMilBibl$Z2$F4888 $81 961 $aOmaggio: Biblioteca Seminario Seveso (fino al 1985) 996 $6245$aLa riscossa dei valtellinesi contro i grigioni nel 1620$9(OLS)http://semarc/title/54816 996 $6260$aComo :$bEmo Cavalleri$9(OLS)http://semarc/publisher/38200 LEADER 00974nam a2200241 i 4500 001 000000099663 003 CaOOAMICUS 005 20160505000000.0 008 160505s1974 it u000 u ita u 013 $a71815 040 $aSeMil$bita 100 1 $aLombardi, Olga.$0(OLS)http://semarc/name/43290 245 10$aInvito alla lettura di Giuseppe Berto /$cOlga Lombardi. 260 $aMilano :$bMursia,$ccopyr. 1974. 300 $a136 p. ;$c18 cm. 490 0 $aInvito alla lettura. Sezione italiana ;$v27 500 $aContiene : Cronologia. 600 14$aBerto, Giuseppe <1914-1978>.$0(OLS)http://semarc/subject/15611 830 0$aInvito alla lettura. Sezione italiana ;$v27.$0(OLS)http://semarc/title/7162 850 $aSeMil 852 $aSeMil$W1$xVenegono$y1$m1O I 236$j57083$B57083$CSeMilBibl$Z2$F67174 $81 996 $6245$aInvito alla lettura di Giuseppe Berto$9(OLS)http://semarc/title/147128 996 $6260$aMilano :$bMursia$9(OLS)http://semarc/publisher/30230